00961cam a22002533a 450000100060000000300060000600500170001200800410002904000150007004200070008505000070009210000410009924501860014026000290032650600300035551600200038565300680040565300630047383000290053685600420056594200070060799900190061495200740063317845PGUSA20140828083359.0060224s2006||||xxu|||||s|||||000 | eng d aPGUSAbeng adc 4aBF1 aUpham, Charles Wentworth,d1802-187510aSalem Witchcraft, Volumes I and II :bWith an Account of Salem Village and a History of Opinions on Witchcraft and Kindred Subjectsh[electronic resource] /cCharles Wentworth Upham bProject Gutenberg,c2006 aPublic domain in the USA. aElectronic text aWitchcraft -- Massachusetts -- Salem -- History -- 17th century aSalem (Mass.) -- History -- Colonial period, ca. 1600-1775 0aProject Gutenbergv1784540uhttp://www.gutenberg.org/ebooks/17845 cEB c247100d247100 001040aGTBbGTBd2014-08-28l0r2014-08-28 00:00:00w2014-08-28yEB